BENİ BURADAN ÇIKARIN (Record no. 1229566)

MARC details
000 -LEADER
sabit uzunluktaki kontrol alanı 00294nam a2200097Ia 4500
001 - KONTROL NUMARASI
kontrol alanı 1229566
005 - EN SON İŞLEMİN TARİH VE ZAMANI
kontrol alanı 20250827093105.0
008 - SABİT-UZUNLUKTA VERİ ÖĞELERİ--GENEL BİLGİ
sabit uzunluktaki kontrol alanı 250824s9999 xx 000 0 und d
245 #0 - ESER / YAZAR
ESER ADI BENİ BURADAN ÇIKARIN
Yazar Adı JAMES PATTERSON, CHRIS TEBBETTS
260 ## - YAYIN, DAĞITIM, VB.
YAYIN EVİ ALTIN KİTAPLAR YAYINLARI
Holdings
Düşüm durumu Kayıp durumu Hasar Durumu Ödünç verilmez Ana kütüphane Geçerli Kütüphane Edinilen tarih Toplam ödünç verme sayısı Barkod Son görüntüleme tarihi Son ödünç verme tarihi Fiyatın geçerli olmaya başladığı tarih Koha materyal türü
        ŞEHİT TEĞMEN BAYRAM OLGUN İMAM HATİP ORTAOKULU ŞEHİT TEĞMEN BAYRAM OLGUN İMAM HATİP ORTAOKULU 24.08.2025 2 11023193 10.02.2026 03.02.2026 27.08.2025 Books